Central Library OPAC University of Rajshahi

Rashid Choudhury = রশিদ চৌধুরী / (Record no. 39730)

MARC details
000 -LEADER
fixed length control field 00864nam a2200277 a 4500
001 - CONTROL NUMBER
control field 39730
003 - CONTROL NUMBER IDENTIFIER
rucl marc code BD-RjUL
005 - DATE AND TIME OF LATEST TRANSACTION
control field 20211209053039.0
008 - FIXED-LENGTH DATA ELEMENTS--GENERAL INFORMATION
fixed length control field 160417s2003 bg a|||| |||| 00| 0dben d
020 ## - INTERNATIONAL STANDARD BOOK NUMBER
International Standard Book Number 9845550347
Terms of availability : Tk. 400.00
035 ## - SYSTEM CONTROL NUMBER
System control number (BD-RjUL) 39843
040 ## - CATALOGING SOURCE
Original cataloging agency BD-RjUL
Language of cataloging eng
Transcribing agency BD-RjUL
041 ## - LANGUAGE CODE
Language code of text/sound track or separate title eng
Language code of text/sound track or separate title ben
082 ## - DEWEY DECIMAL CLASSIFICATION NUMBER
Edition number 23
Classification number 709.5492
Author mark and year MAR 2003
100 ## - MAIN ENTRY--PERSONAL NAME
Personal name Mansur, Abul
9 (RLIN) 122387
245 10 - TITLE STATEMENT
Title Rashid Choudhury = রশিদ চৌধুরী /
Statement of responsibility, etc. Abul Mansur ; Subir Choudhury, Editor
260 ## - PUBLICATION, DISTRIBUTION, ETC. (IMPRINT)
Place of publication, distribution, etc. Dhaka :
Name of publisher, distributor, etc. Bangladesh Shilpakala Academy,
Date of publication, distribution, etc. 2003
300 ## - PHYSICAL DESCRIPTION
Pagination 105 p. :
Illustrations ill. ;
Size 29 cm.
490 ## - SERIES STATEMENT
Series statement Art of Bangladesh ;
Volume/sequential designation Series-5
504 ## - BIBLIOGRAPHY, ETC. NOTE
Bibliography, etc Includes Biography
650 ## - SUBJECT ADDED ENTRY--TOPICAL TERM
Topical term or geographic name as entry element Art
Geographic subdivision Bangladesh
9 (RLIN) 122388
700 ## - ADDED ENTRY--PERSONAL NAME
Personal name Choudhury, Subir, Editor
830 ## - SERIES ADDED ENTRY--UNIFORM TITLE
Uniform title Art of Bangladesh ;
Volume number/sequential designation Series-5
942 ## - ADDED ENTRY ELEMENTS (KOHA)
Source of classification or shelving scheme Dewey Decimal Classification
Koha item type Books
Holdings
Lost status Source of classification or shelving scheme Damaged status Not for loan Collection code Permanent Location Current Location Shelving location Date acquired Source of acquisition Cost, normal purchase price Total Checkouts Full call number Date last seen Copy number Koha item type
  Dewey Decimal Classification   Not For Loan Non-fiction Central Library, University of Rajshahi Central Library, University of Rajshahi Reading Room 24/06/2013 Bangladesh Shilpakala Academy, Dhaka 400.00   709.5492 MAR 2003 17/04/2016 C-1 Books
  Dewey Decimal Classification     Non-fiction Central Library, University of Rajshahi Central Library, University of Rajshahi   24/06/2013 Bangladesh Shilpakala Academy, Dhaka 400.00   709.5492 MAR 2003 17/04/2016 C-2 Books
  Dewey Decimal Classification     Non-fiction Central Library, University of Rajshahi Central Library, University of Rajshahi   24/06/2013 Bangladesh Shilpakala Academy, Dhaka 400.00   709.5492 MAR 2003 17/04/2016 C-3 Books